Deutsche Autokennzeichen #2 - Statistiken

Allgemein
  • Dieses Quiz wurde 166 mal gespielt
  • Das Durchschnittsergebnis liegt bei 14 aus 24
Antwortstatistiken
Kennzeichen Stadt/Landkreis % Korrekt
A Augsburg
90%
UL Ulm
88%
HAL Halle
87%
D Düsseldorf
83%
Fürth
83%
Würzburg
80%
KO Koblenz
74%
TR Trier
74%
BO Bochum
70%
P Potsdam
69%
HI Hildesheim
67%
GI Gießen
65%
R Regensburg
65%
KA Karlsruhe
52%
W Wuppertal
51%
EF Erfurt
50%
Y Bundeswehr
43%
Z Zwickau
41%
RA Rastatt
37%
WO Worms
35%
LB Ludwigsburg
29%
LA Landshut
28%
SN Schwerin
28%
ERZ Erzgebirgskreis
27%
Keine übereinstimmenden Quizze gefunden
Verteilung der Resultate
Anzahl Personen mit jedem Resultat
Perzentil nach korrekt beantworteten Fragen
Ihre Resultats-Entwicklung
Sie haben dieses Quiz noch nicht gespielt